SMITE - Alle Götter benennen (Dez. 2023) - Statistiken

Allgemein
  • Dieses Quiz wurde 60 mal gespielt
  • Das Durchschnittsergebnis liegt bei 51 aus 129
Antwortstatistiken
Bildquiz Hint Antwort % Korrekt
Ares
92%
Amor/Cupid
85%
Anubis
85%
Aphrodite
79%
Hades
77%
Thor
77%
Zeus
75%
Artemis
73%
Apollo
69%
Poseidon
69%
Athena
67%
Loki
67%
Ra
67%
Herkules/Hercules
63%
Odin
63%
Bacchus
60%
Hera
60%
Hel
58%
Medusa
58%
Atlas
56%
Chronos
56%
Baba Jaga
52%
Bastet
52%
Fenrir
52%
Zerberus/Cerberus
52%
Arachne
50%
Freya
50%
Horus
50%
Bellona
48%
Ganesha
48%
Achilles
46%
Agni
46%
Chiron
46%
Eset/Isis
46%
Geb
46%
Janus
46%
Merkur/Mercury
46%
Ah Muzen Cab
44%
Awilix
44%
Chaac
44%
Heimdallr
44%
Ymir
44%
Amaterasu
42%
Bakasura
42%
Baron Samedi
42%
Kali
42%
Nike
42%
Seth/Set
42%
Ah Puch
40%
Anhor/Anhur
40%
Ao Guang/Ao Kuang
40%
Discordia
40%
Khepri
40%
Nox
40%
Sobek
40%
Sol
40%
Sun Wukong
40%
Thanatos
40%
Chang'e
38%
Daji
38%
Guan Yu
38%
King Arthur/Artus
38%
Neith
38%
Nemesis
38%
Osiris
38%
Vulcanus/Vulcan
38%
Cernunnos
35%
Fafnir
35%
He Bo
35%
Kukulkan
35%
Merlin
35%
Persephone
35%
Skadi
35%
Artio
33%
Cabracan/Cabrakan
33%
Charon
33%
Gilgamesch
33%
Hou Yi
33%
Izanami
33%
Maui
33%
Mulan
33%
Rama
33%
Scylla/Skylla
33%
Shiva
33%
Tyr
33%
Hachiman
31%
Ne Zha
31%
Ratatoskr
31%
Terra
31%
Ullr
31%
Danzaburou
29%
Jing Wei
29%
Jormungandr
29%
Morrigan
29%
Nü Wa/Nu Wa
29%
Morgan Le Fay
27%
Pele
27%
Raijin
27%
Silvanus/Sylvanus
27%
Susano
27%
Vamana
27%
Ischtar/Ishtar
25%
Lancelot
25%
Serqet
25%
Thoth
25%
Tiamat
25%
Cthulhu
23%
Erlang Shen
23%
Ix Chel
23%
Yemoja
23%
Zhong Kui
23%
Camazotz
21%
Charybdis
21%
Hun Batz
21%
Olorun
21%
Surtr
21%
Tsukuyomi
21%
Cliodhna
19%
Kuzenbo
19%
Maman Brigitte
19%
Ravana
19%
Cu Chulainn
15%
Xbalanque
15%
Bake Kujira
13%
Kumbhakarna
13%
Martichoras
13%
Tschernebog/Chernobog
13%
Xing Tian
13%
Yu Huang
13%
Keine übereinstimmenden Quizze gefunden
Verteilung der Resultate
Anzahl Personen mit jedem Resultat
Perzentil nach korrekt beantworteten Fragen
Ihre Resultats-Entwicklung
Sie haben dieses Quiz noch nicht gespielt